<?xml version="1.0" encoding="UTF-8"?><?xml-stylesheet type="text/xsl" href="static/style.xsl"?><OAI-PMH xmlns="http://www.openarchives.org/OAI/2.0/" xmlns:xsi="http://www.w3.org/2001/XMLSchema-instance" xsi:schemaLocation="http://www.openarchives.org/OAI/2.0/ http://www.openarchives.org/OAI/2.0/OAI-PMH.xsd"><responseDate>2026-04-27T21:51:31Z</responseDate><request verb="GetRecord" identifier="oai:uvadoc.uva.es:10324/4945" metadataPrefix="marc">https://uvadoc.uva.es/oai/request</request><GetRecord><record><header><identifier>oai:uvadoc.uva.es:10324/4945</identifier><datestamp>2021-06-18T09:28:45Z</datestamp><setSpec>com_10324_38</setSpec><setSpec>col_10324_787</setSpec></header><metadata><record xmlns="http://www.loc.gov/MARC21/slim" xmlns:doc="http://www.lyncode.com/xoai" xmlns:xsi="http://www.w3.org/2001/XMLSchema-instance" xmlns:dcterms="http://purl.org/dc/terms/" xsi:schemaLocation="http://www.loc.gov/MARC21/slim http://www.loc.gov/standards/marcxml/schema/MARC21slim.xsd">
<leader>00925njm 22002777a 4500</leader>
<datafield tag="042" ind1=" " ind2=" ">
<subfield code="a">dc</subfield>
</datafield>
<datafield tag="720" ind1=" " ind2=" ">
<subfield code="a">Cazurro Pérez, Gregorio Luis</subfield>
<subfield code="e">author</subfield>
</datafield>
<datafield tag="260" ind1=" " ind2=" ">
<subfield code="c">2012</subfield>
</datafield>
<datafield tag="520" ind1=" " ind2=" ">
<subfield code="a">La seguridad en el trabajo es una responsabilidad de todo los miembros de una plantilla. Son acciones que permiten localizar y evaluar los riesgos, y establecer medidas para prevenir los accidentes de trabajo. Son fundamentales la formación de los trabajadores y la existencia de protocolos de actuación en caso de accidentes. En un laboratorio existen riesgos derivados del manejo de sustancias peligrosas y del desconocimiento de las propiedades de las mismas. En la Sociedad de Resinas Naturales, tanto la materia prima, como los productos, pasando por los productos empleados en el análisis de las prodes, tienen propiedades inflamables, explosivas e incluso, carcinogénicas..., por lo que un estudio de seguridad del laboratorio, es una herramienta esencial para la prevención.</subfield>
</datafield>
<datafield tag="024" ind2=" " ind1="8">
<subfield code="a">http://uvadoc.uva.es/handle/10324/4945</subfield>
</datafield>
<datafield ind1=" " ind2=" " tag="653">
<subfield code="a">Prevención de Riesgos</subfield>
</datafield>
<datafield ind1=" " ind2=" " tag="653">
<subfield code="a">Medio ambiente-Calidad</subfield>
</datafield>
<datafield tag="245" ind1="0" ind2="0">
<subfield code="a">Estudio de seguridad del laboratorio de análisis para el control de materias primas de la Sociedad de Resinas Naturales S.L.</subfield>
</datafield>
</record></metadata></record></GetRecord></OAI-PMH>